Missing Word: Spring is Sprung Quiz Stats

 Plays Quiz Updated Apr 27, 2018

Score 0/12 Timer 04:00
0 Plays Today
Clue Missing Word % Correct
US college mid-term vacation, Spring _____break
92.4%
Dim sum snack popular in East Asia, Spring ____roll
86.8%
A phrase for an annual ritual where one would tidy up their living space, Spring _______cleaning
85.2%
Richard Rodgers song, Spring is ____Here
63.8%
The Producers musical, Springtime for ______Hitler
62.5%
Igor Stravinsky ballet, The ____ of Spring Rite
62.1%
A series of baseball games preceding the start of the regular season, Spring ______ training
61.4%
2010-2012 wave of anti-authoritarian revolutions, the ____ SpringArab
50.1%
Sheik & Sater Broadway musical, Spring _________ Awakening
34%
1968 period of Czechoslovak political reform, the _____ SpringPrague
31.7%
Nikolai Pozdneev painting, Spring ___Day
8.3%
First World War poem by Wilfred Owen, Spring _________Offensive
6.3%

Today's Daily Dose

Missing Word
Animated TV Series

Word Ladder
Boston

Quick Pick
'H' Literature

On This Day
August 16th II

You're not logged in!

Compare scores with friends on all Sporcle quizzes.
Join for Free
OR
Log In

You Might Also Like...

Show Comments

Extras

Top Quizzes Today


Score Distribution

Your Account Isn't Verified!

In order to create a playlist on Sporcle, you need to verify the email address you used during registration. Go to your Sporcle Settings to finish the process.

Report this User

Report this user for behavior that violates our Community Guidelines.

Details: